000 00276nam a2200109Ia 4500
008 190906s9999||||xx |||||||||||||| ||und||
100 _aThomas A.Powell
245 4 _aThe Complete Reference HTML
260 _aKarachi
_bJahangir Book Depot
_c2001
300 _a1208
942 _cBK
999 _c5952
_d5952